000
00506nam a2200181Ia 4500
008
090123s9999 xx 000 0 und d
082
_b
7643
_a
891.463/बाबू
100
_a
बिरादार बाबु
245
_a
कावड
250
_a
1
260
_b
विद्या प्रकाशन
300
_a
88
600
_a
बिरादार बाबु
630
_a
कावड
700
_a
बिरादार बाबु
730
_a
कावड
942
_c
BOOK
999
_c
45709
_d
45709